Alien Encounters/ (Record no. 177817)

MARC details
000 -LEADER
fixed length control field 00629nam a22001817a 4500
005 - DATE AND TIME OF LATEST TRANSACTION
control field 20210304165552.0
010 ## - LCCN (DPL NO)
LC control number ENG-129156
020 ## - INTERNATIONAL STANDARD BOOK NUMBER
International Standard Book Number 978-93-505779-9-2
Terms of availability 150.00
035 ## - SYSTEM CONTROL NUMBER
System control number EN-112688
037 ## - SOURCE OF ACQUISITION
Source of stock number/acquisition DBAD/PUB
082 ## - DEWEY DECIMAL CLASSIFICATION NUMBER
Classification number 578.62
245 ## - TITLE STATEMENT
Title Alien Encounters/
260 ## - PUBLICATION, DISTRIBUTION, ETC. (IMPRINT)
Place of publication, distribution, etc New Delhi
Name of publisher, distributor, etc V & S Publishers
Date of publication, distribution, etc 2017
270 ## - ADDRESS
City New Delhi
Postal code 110002
Address F-2/16, Ansari Road, Darya Ganj
Electronic mail address info@vspublishers.com
Telephone number 23240026, 23240027
Fax number 011-23240028
300 ## - PHYSICAL DESCRIPTION
Extent 63p.
Dimensions 22cm(pbk)
Other physical details Including illustrations.
490 ## - SERIES STATEMENT
Series statement A Series of Scintillating Encounters with Mysterious Aliens
942 ## - ADDED ENTRY ELEMENTS (KOHA)
Source of classification or shelving scheme Dewey Decimal Classification
Item type English Books
Classification part 578.62
Call number suffix ALI
Holdings
Withdrawn status Lost status Not for loan Collection code Home library Current library Date acquired Source of acquisition Cost, normal purchase price Full call number Barcode Copy number Cost, replacement price Koha item type
      Non-fiction Bawana Bawana 04/03/2021 DBAD/PUB 150.00 578.62 ALI EN-112688 1 150.00 English Books

© Delhi Public Library
Hit Counter
free hit counter